000 00496nam a2200169 i 4500
001 31350
003 ES-MaACL
005 20230906154350.0
007 t|
008 030129s1969 sp ||||1| spa d
100 1 _aBender, Erich F.
_927473
245 1 0 _aHelga /
_cErich F. Bender ; [versión Antonio Tomás Todoli].
260 _aBarcelona :
_bSuc. Gili,
_c[1969]
300 _a278 p., 14 lám. ;
_c24 cm.
700 1 _aTomás Todolí, Antonio.
_9110530
852 _aES-MaACL
_jC-46111
_bR.69441
999 _c31350
_d31350